[Event "VEN-ch (Women)"]
[Site "Guatire"]
[Date "2020.01.30"]
[Round "9"]
[White "Ubertin Gomez, Katherin Rossmary"]
[Black "Chghale Perez, Rosmarly Josefina"]
[Result "1-0"]
[WhiteElo "1686"]
[BlackElo "1765"]
[PlyCount "77"]
[EventDate "2020.01.25"]
[EventType "tourn"]
[EventRounds "9"]
[EventCountry "VEN"]
[SourceTitle "CBM 194 Extra"]
[Source "ChessBase"]
[SourceDate "2020.03.31"]
[SourceVersion "1"]
[SourceVersionDate "2020.03.31"]
[SourceQuality "1"]

1. d4 d5 2. Nf3 Nf6 3. e3 e6 4. c4 c6 5. b3 dxc4 6. bxc4 c5 7. Bb2 Nc6 8. Nbd2 cxd4 9. exd4 Qb6 10. Rb1 e5 11. d5 Ng4 12. Bd4 Qc7 13. Bc3 Bf5 14. Rb2 Bc5 15. Nb3 Bb4 16. Bxb4 Nxb4 17. a3 Na6 18. h3 Nh6 19. Be2 0-0 20. 0-0 Rad8 21. Re1 Rfe8 22. Qd2 Nb8 23. Qe3 b6 24. Nh4 Bc8 25. Bd3 Qe7 26. Qg3 f5 27. Rbe2 Qxa3 28. Nd4 e4 29. Qxb8 Qxd3 30. Nc6 Qxc4 31. Nxd8 Rxd8 32. Qxa7 Qxd5 33. Qxb6 Nf7 34. Nf3 Qb7 35. Qc5 g6 36. Nd2 Rd5 37. Qc3 Ne5 38. Nxe4 Nd3 39. Nf6+ 1-0

[Event "VEN-ch (Women)"]
[Site "Guatire"]
[Date "2020.01.29"]
[Round "8"]
[White "Pena Gonzalez, Clara Isabel"]
[Black "Ubertin Gomez, Katherin Rossmary"]
[Result "1-0"]
[WhiteElo "1735"]
[BlackElo "1686"]
[PlyCount "61"]
[EventDate "2020.01.25"]
[EventType "tourn"]
[EventRounds "9"]
[EventCountry "VEN"]
[SourceTitle "CBM 194 Extra"]
[Source "ChessBase"]
[SourceDate "2020.03.31"]
[SourceVersion "1"]
[SourceVersionDate "2020.03.31"]
[SourceQuality "1"]

1. e4 d5 2. exd5 Qxd5 3. Nc3 Qa5 4. Bc4 Nf6 5. d4 Bf5 6. Nf3 e6 7. Ne5 c6 8. Qe2 Be7 9. Bd2 Qc7 10. g4 Bg6 11. h4 b5 12. Bb3 a5 13. h5 Bxh5 14. gxh5 a4 15. Nxf7 axb3 16. Nxh8 Qd6 17. cxb3 Nbd7 18. h6 Bf8 19. Ng6 hxg6 20. h7 Nxh7 21. Rxh7 b4 22. Ne4 Qxd4 23. Ng5 e5 24. Be3 Qd6 25. Rd1 Qf6 26. Qd2 0-0-0 27. Ne4 Qe6 28. Bg5 Be7 29. Bxe7 Qxe7 30. Nd6+ Kc7 31. Qxb4 1-0

[Event "VEN-ch (Women)"]
[Site "Guatire"]
[Date "2020.01.28"]
[Round "6"]
[White "Perez Hernandez, Vicmary C"]
[Black "Ubertin Gomez, Katherin Rossmary"]
[Result "1-0"]
[WhiteElo "1825"]
[BlackElo "1686"]
[PlyCount "112"]
[EventDate "2020.01.25"]
[EventType "tourn"]
[EventRounds "9"]
[EventCountry "VEN"]
[SourceTitle "CBM 194 Extra"]
[Source "ChessBase"]
[SourceDate "2020.03.31"]
[SourceVersion "1"]
[SourceVersionDate "2020.03.31"]
[SourceQuality "1"]

1. e4 d5 2. exd5 Qxd5 3. Nc3 Qd8 4. Bc4 Nf6 5. Nf3 e6 6. Qe2 a6 7. a4 c5 8. Ne5 Be7 9. 0-0 0-0 10. Re1 Bd7 11. f4 Nc6 12. Nxc6 Bxc6 13. d3 Re8 14. Bd2 b6 15. h3 Qc7 16. Qf2 Bb7 17. Re2 Rad8 18. Rf1 Nd5 19. f5 exf5 20. Qxf5 Nf6 21. Ne4 Bc8 22. Bxf7+ Kh8 23. Bf4 Qc6 24. Bxe8 Rxe8 25. Qe5 c4 26. Qc7 Qxa4 27. Nxf6 Bxf6 28. Rfe1 Bd4+ 29. Kh2 Rg8 30. Re7 Bf5 31. b3 cxb3 32. cxb3 Qb5 33. Be5 Qxd3 34. Bxd4 Qxd4 35. Re8 h6 36. Qe5 Qd3 37. Re3 Qc2 38. Re7 Bg6 39. Rg3 Kh7 40. h4 Qf5 41. Qxf5 Bxf5 42. Rb7 Bc8 43. Rxb6 Rf8 44. Rb8 Kg8 45. Rc3 Be6 46. Rxf8+ Kxf8 47. b4 Bd7 48. Kg3 Ke7 49. Kf4 Kd6 50. Rg3 Kd5 51. Rxg7 Bb5 52. Rc7 h5 53. g4 hxg4 54. Kxg4 Ke5 55. Rc5+ Kf6 56. Rxb5 axb5 1-0

[Event "VEN-ch (Women)"]
[Site "Guatire"]
[Date "2020.01.27"]
[Round "4"]
[White "Rovira Contreras, Tairu Manuela"]
[Black "Ubertin Gomez, Katherin Rossmary"]
[Result "1-0"]
[WhiteElo "2039"]
[BlackElo "1686"]
[PlyCount "93"]
[EventDate "2020.01.25"]
[EventType "tourn"]
[EventRounds "9"]
[EventCountry "VEN"]
[SourceTitle "CBM 194 Extra"]
[Source "ChessBase"]
[SourceDate "2020.03.31"]
[SourceVersion "1"]
[SourceVersionDate "2020.03.31"]
[SourceQuality "1"]

1. d4 d5 2. e3 Nf6 3. Nf3 e6 4. Bd3 c5 5. b3 b6 6. Bb2 Bd6 7. 0-0 0-0 8. Nbd2 Bb7 9. Re1 Nbd7 10. c4 Qe7 11. cxd5 exd5 12. Nh4 g6 13. Nhf3 Ne4 14. a3 Rfe8 15. Nf1 Rac8 16. Qe2 Rc7 17. Rad1 Ndf6 18. Ng3 Ng4 19. Bxe4 dxe4 20. Nd2 Nf6 21. Nc4 Ba6 22. Rc1 cxd4 23. Bxd4 Qe6 24. Qb2 Be7 25. Ne5 Rec8 26. b4 h5 27. Rxc7 Rxc7 28. b5 Bb7 29. Rc1 Bc5 30. Bxc5 bxc5 31. Ne2 Nd5 32. Nc4 g5 33. Ng3 Nf6 34. Qe5 Qxe5 35. Nxe5 Bd5 36. Nf5 Kf8 37. a4 c4 38. Nd4 Ne8 39. Kf1 Nd6 40. Ke2 Ke7 41. Kd2 f6 42. Nec6+ Kd7 43. Kc3 Nb7 44. Kb4 Kd6 45. Rd1 Kd7 46. Nxa7 Na5 47. b6 1-0

[Event "VEN-ch U17 Girls"]
[Site "Caracas"]
[Date "2019.08.11"]
[Round "9"]
[White "Acosta Camarillo, Ana Isabella"]
[Black "Ubertin Gomez, Katherin Rossmary"]
[Result "0-1"]
[WhiteElo "1352"]
[BlackElo "1744"]
[PlyCount "86"]
[EventDate "2019.08.07"]
[EventType "swiss"]
[EventRounds "9"]
[EventCountry "VEN"]
[SourceTitle "EXT 2020"]
[Source "ChessBase"]
[SourceDate "2019.10.17"]
[SourceVersion "1"]
[SourceVersionDate "2019.10.17"]
[SourceQuality "1"]

1. e4 d5 2. exd5 Qxd5 3. Nc3 Qa5 4. d4 c6 5. Nf3 Nf6 6. Be2 Bf5 7. Bd2 Qc7 8. 0-0 e6 9. Re1 Bd6 10. h3 Nbd7 11. Be3 0-0 12. Qd2 a6 13. a3 Rac8 14. Rac1 Rfd8 15. Bd3 Bxd3 16. Qxd3 Nd5 17. Nxd5 cxd5 18. Bd2 h6 19. Bc3 Nf6 20. Ne5 Bxa3 21. Re3 Bd6 22. Qe2 Ne4 23. Qh5 Bxe5 24. dxe5 Qe7 25. Bd4 Qb4 26. Qd1 Rc4 27. Rb3 Qe7 28. Rd3 Rdc8 29. c3 b5 30. Ra1 Qb7 31. Qb3 Nc5 32. Bxc5 R8xc5 33. f3 Rc7 34. Rd2 b4 35. cxb4 Rxb4 36. Qa3 Rc6 37. Ra2 Qb6+ 38. Kh2 Rc1 39. Kg3 h5 40. h4 g5 41. Kh2 Qg1+ 42. Kh3 Qh1+ 43. Kg3 Qxh4# 0-1

[Event "VEN-ch U17 Girls"]
[Site "Caracas"]
[Date "2019.08.09"]
[Round "5"]
[White "Ubertin Gomez, Katherin Rossmary"]
[Black "Contreras Quintero, Brigit Vyany"]
[Result "1-0"]
[WhiteElo "1744"]
[BlackElo "1318"]
[PlyCount "85"]
[EventDate "2019.08.07"]
[EventType "swiss"]
[EventRounds "9"]
[EventCountry "VEN"]
[SourceTitle "EXT 2020"]
[Source "ChessBase"]
[SourceDate "2019.10.17"]
[SourceVersion "1"]
[SourceVersionDate "2019.10.17"]
[SourceQuality "1"]

1. d4 d5 2. Nf3 Nf6 3. e3 Bf5 4. c4 e6 5. Nc3 c5 6. b3 Nc6 7. Bb2 b6 8. Be2 Be7 9. 0-0 0-0 10. Ne5 Qc7 11. Nb5 Qb7 12. Bf3 Rad8 13. Nxc6 Qxc6 14. Nxa7 Qb7 15. Nb5 Ra8 16. dxc5 bxc5 17. a4 Rfd8 18. Qe2 Be4 19. Rad1 dxc4 20. Bxe4 Qxe4 21. Rxd8+ Rxd8 22. bxc4 Nd7 23. Nc3 Qa8 24. Ra1 Bf6 25. h3 Qa5 26. Ne4 Bxb2 27. Qxb2 Nb6 28. Qb5 Qxb5 29. cxb5 c4 30. a5 Nd5 31. Rc1 f5 32. Nc5 Ra8 33. a6 Rb8 34. Rxc4 Rxb5 35. Nxe6 Ra5 36. Ng5 g6 37. Rc8+ Kg7 38. Rd8 Nb6 39. Rb8 Rxa6 40. Rb7+ Kg8 41. Nxh7 Ra1+ 42. Kh2 Nd5 43. Ng5 1-0

[Event "VEN-ch U17 Girls"]
[Site "Caracas"]
[Date "2019.08.09"]
[Round "6"]
[White "Vargas Ortiz, Grecia Valentina"]
[Black "Ubertin Gomez, Katherin Rossmary"]
[Result "0-1"]
[WhiteElo "1741"]
[BlackElo "1744"]
[PlyCount "104"]
[EventDate "2019.08.07"]
[EventType "swiss"]
[EventRounds "9"]
[EventCountry "VEN"]
[SourceTitle "EXT 2020"]
[Source "ChessBase"]
[SourceDate "2019.10.17"]
[SourceVersion "1"]
[SourceVersionDate "2019.10.17"]
[SourceQuality "1"]

1. Nf3 d5 2. c4 e6 3. e3 Nf6 4. Nc3 b6 5. d4 Bb7 6. Be2 Bd6 7. 0-0 0-0 8. cxd5 exd5 9. Qc2 a6 10. b3 Nbd7 11. Bb2 Re8 12. Rac1 Ne4 13. Nxe4 dxe4 14. Ne5 Nxe5 15. dxe5 Bxe5 16. Rfd1 Bd6 17. Qc3 Qg5 18. Rxd6 cxd6 19. Qc7 Qe7 20. Qxb6 Rec8 21. Rxc8+ Rxc8 22. Bxa6 Bxa6 23. Qxa6 Rc2 24. Qa3 h6 25. h3 Qh4 26. g3 Qxh3 27. Qa8+ Qc8 28. Qxc8+ Rxc8 29. Bd4 Ra8 30. a4 Rb8 31. a5 Rxb3 32. a6 Rb8 33. a7 Rc8 34. Kg2 g5 35. Kh3 Kh7 36. Kh2 Kg6 37. Kg2 f5 38. Bb6 Ra8 39. Bc7 Rxa7 40. Bxd6 h5 41. Be5 Ra2 42. Bd6 h4 43. gxh4 gxh4 44. Kh3 Kh5 45. Kg2 h3+ 46. Kg1 Kg4 47. Be5 Kf3 48. Bg3 h2+ 49. Bxh2 Rxf2 50. Bf4 Re2 51. Kh1 Rxe3 52. Bxe3 Kxe3 0-1

[Event "VEN-ch U17 Girls"]
[Site "Caracas"]
[Date "2019.08.07"]
[Round "1"]
[White "Ubertin Gomez, Katherin Rossmary"]
[Black "Guillen Carrillo, Neritza Esther"]
[Result "1-0"]
[WhiteElo "1744"]
[BlackElo "1437"]
[PlyCount "81"]
[EventDate "2019.08.07"]
[EventType "swiss"]
[EventRounds "9"]
[EventCountry "VEN"]
[SourceTitle "EXT 2020"]
[Source "ChessBase"]
[SourceDate "2019.10.17"]
[SourceVersion "1"]
[SourceVersionDate "2019.10.17"]
[SourceQuality "1"]

1. d4 d5 2. e3 Nf6 3. Nf3 Bg4 4. c4 c6 5. Nbd2 e6 6. Qb3 Qc7 7. Bd3 Bd6 8. c5 Be7 9. Ne5 Nbd7 10. Nxd7 Qxd7 11. Qc2 h6 12. b4 0-0 13. 0-0 Bf5 14. a4 Bxd3 15. Qxd3 a6 16. Bb2 Rfb8 17. Bc3 Qc7 18. b5 axb5 19. axb5 cxb5 20. Qxb5 Nd7 21. Rfb1 Rxa1 22. Rxa1 e5 23. h3 exd4 24. exd4 Bf6 25. Rb1 Nf8 26. c6 Ne6 27. Nf3 b6 28. Qxd5 Rc8 29. Ba1 Qf4 30. Qc4 Rd8 31. Rd1 b5 32. Qxb5 Nxd4 33. Bxd4 Bxd4 34. Nxd4 Rxd4 35. Rxd4 Qxd4 36. Qb8+ Kh7 37. c7 Qd1+ 38. Kh2 Qd6+ 39. g3 Qd5 40. Qb1+ g6 41. Qc2 1-0

[Event "VEN-ch U20 Girls"]
[Site "Maracay"]
[Date "2018.05.31"]
[Round "2"]
[White "Avila Castillo, Barbara Angelica"]
[Black "Ubertin Gomez, Katherin Rossmary"]
[Result "0-1"]
[WhiteElo "1443"]
[BlackElo "1440"]
[PlyCount "44"]
[EventDate "2018.05.31"]
[EventType "swiss"]
[EventRounds "7"]
[EventCountry "VEN"]
[SourceTitle "EXT 2019"]
[Source "ChessBase"]
[SourceDate "2018.10.10"]
[SourceVersion "1"]
[SourceVersionDate "2018.10.10"]
[SourceQuality "1"]

1. d4 d5 2. c4 c6 3. Nc3 Nf6 4. Bf4 e6 5. Nf3 Bb4 6. a3 Bxc3+ 7. bxc3 dxc4 8. Qc2 b5 9. e4 h6 10. Be2 Nbd7 11. 0-0 0-0 12. a4 a6 13. Rfb1 Nb6 14. axb5 cxb5 15. Nd2 Qe7 16. Bf3 Bb7 17. Qc1 Nh7 18. e5 Bxf3 19. Nxf3 Nd5 20. Bd2 Rfc8 21. Ra3 Nb6 22. Rba1 Nf8 0-1

[Event "VEN-ch U20 Girls"]
[Site "Maracay"]
[Date "2018.05.31"]
[Round "6"]
[White "Ramirez Vergara, Jemmily"]
[Black "Ubertin Gomez, Katherin Rossmary"]
[Result "1-0"]
[WhiteElo "1722"]
[BlackElo "1440"]
[PlyCount "111"]
[EventDate "2018.05.31"]
[EventType "swiss"]
[EventRounds "7"]
[EventCountry "VEN"]
[SourceTitle "EXT 2019"]
[Source "ChessBase"]
[SourceDate "2018.10.10"]
[SourceVersion "1"]
[SourceVersionDate "2018.10.10"]
[SourceQuality "1"]

1. e4 d5 2. exd5 Qxd5 3. d4 c6 4. c4 Qd8 5. Nf3 Bf5 6. Nc3 Nf6 7. Be2 e6 8. Bg5 h6 9. Bh4 Be7 10. Qb3 Qb6 11. Qxb6 axb6 12. Bg3 Nbd7 13. a3 Ne4 14. Nxe4 Bxe4 15. 0-0 0-0 16. Nd2 Bh7 17. Rfe1 Bf6 18. Nf3 c5 19. Rad1 Be4 20. dxc5 Nxc5 21. Be5 Bxe5 22. Nxe5 Rad8 23. b4 Na4 24. Rc1 f6 25. Bg4 Rfe8 26. Bh5 Re7 27. Rxe4 fxe5 28. Rxe5 Rd3 29. Bg4 Rxa3 30. Rxe6 Rxe6 31. Bxe6+ Kf8 32. Bd5 Rb3 33. b5 Nc3 34. Bf3 Rb4 35. Kf1 Rxc4 36. Bxb7 Rc5 37. Bc6 Ne4 38. Rxc5 Nxc5 39. Ke2 Ke7 40. Ke3 Ke6 41. f4 Kf5 42. h3 h5 43. Bf3 h4 44. Bg4+ Kf6 45. Kd4 Ne6+ 46. Ke4 g6 47. Bf3 Nc5+ 48. Kd5 Kf5 49. Kc6 Kxf4 50. Kxb6 Ne6 51. Ka7 Nd4 52. b6 Nxf3 53. gxf3 Kxf3 54. b7 Kg3 55. b8Q+ Kxh3 56. Qf4 1-0

[Event "VEN-ch U20 Girls"]
[Site "Maracay"]
[Date "2018.05.31"]
[Round "1"]
[White "Ubertin Gomez, Katherin Rossmary"]
[Black "Perez Hernandez, Vicmary C"]
[Result "0-1"]
[WhiteElo "1440"]
[BlackElo "1703"]
[PlyCount "116"]
[EventDate "2018.05.31"]
[EventType "swiss"]
[EventRounds "7"]
[EventCountry "VEN"]
[SourceTitle "EXT 2019"]
[Source "ChessBase"]
[SourceDate "2018.10.10"]
[SourceVersion "1"]
[SourceVersionDate "2018.10.10"]
[SourceQuality "1"]

1. c4 Nf6 2. Nf3 g6 3. g3 Bg7 4. Bg2 d6 5. Nc3 0-0 6. 0-0 e5 7. d4 Nc6 8. d5 Ne7 9. e4 Nh5 10. Nh4 h6 11. Bf3 Nf6 12. Bg2 Nd7 13. Be3 f5 14. exf5 gxf5 15. f4 Kh7 16. fxe5 dxe5 17. Bh3 Nb6 18. c5 Nbxd5 19. Nxd5 Qxd5 20. Bxf5+ Bxf5 21. Qxd5 Nxd5 22. Nxf5 e4 23. Rae1 Nxe3 24. Rxe3 Bxb2 25. Rxe4 Rae8 26. Re7+ Rxe7 27. Nxe7 Bd4+ 28. Kg2 Rxf1 29. Kxf1 Bxc5 30. Nd5 c6 31. Nf4 Bd6 32. Nd3 Kg6 33. Ke2 Kf5 34. Ke3 c5 35. Nf2 b5 36. Ne4 Bf8 37. Nc3 b4 38. Na4 c4 39. Nb2 c3 40. Nc4 Kg4 41. Ke4 Kh3 42. Ne3 Kxh2 43. g4 Kh3 44. Kf5 a5 45. Ke4 Bc5 46. Nf5 Kxg4 47. Nxh6+ Kh3 48. Kd3 Kg2 49. Ng4 Kf1 50. Ne5 Ke1 51. Kc2 Ke2 52. Nc4 a4 53. Ne5 Ke3 54. Ng4+ Kd4 55. Nf2 Kc4 56. Nd1 b3+ 57. axb3+ axb3+ 58. Kc1 Ba3+ 0-1

[Event "VEN-ch U14 Girls"]
[Site "Caracas"]
[Date "2016.10.31"]
[Round "7.6"]
[White "Chavez Garcia, Vidaluz Gregoria"]
[Black "Ubertin Gomez, Katherin Rossmary"]
[Result "1-0"]
[WhiteElo "1520"]
[BlackElo "1476"]
[PlyCount "71"]
[EventDate "2016.10.27"]
[EventType "swiss"]
[EventRounds "7"]
[EventCountry "VEN"]
[SourceTitle "EXT 2022"]
[Source "ChessBase"]
[SourceDate "2021.10.06"]
[SourceVersion "1"]
[SourceVersionDate "2021.10.06"]
[SourceQuality "1"]

1. d4 d5 2. Nf3 c6 3. e3 Nf6 4. Bd3 Bg4 5. c4 Nbd7 6. Nbd2 e6 7. 0-0 Bd6 8. b3 Qe7 9. Bb2 0-0 10. e4 dxe4 11. Nxe4 Nxe4 12. Bxe4 Nf6 13. Bc2 Ba3 14. Bxa3 Qxa3 15. Re1 Rfd8 16. Re3 Rxd4 17. Qxd4 Qe7 18. Rd1 b6 19. Red3 c5 20. Qe3 e5 21. Qd2 Re8 22. Rd8 g6 23. Rxe8+ Nxe8 24. Qd8 Qf8 25. h3 Be6 26. Nxe5 Kg7 27. Be4 f6 28. Nf3 Qf7 29. Bd5 Kh6 30. Bxe6 Qxe6 31. Re1 Qc6 32. Qxe8 Qd6 33. Qe7 Qb8 34. Qxf6 Qg8 35. Re7 b5 36. Qg5# 1-0

[Event "VEN-ch U14 Girls 3rd"]
[Site "San Antonio"]
[Date "2016.04.02"]
[Round "3.3"]
[White "Ubertin Gomez, Katherin Rossmary"]
[Black "Castro Paitan, Maria Raquel"]
[Result "1-0"]
[WhiteElo "1475"]
[BlackElo "1577"]
[PlyCount "103"]
[EventDate "2016.04.01"]
[EventType "swiss"]
[EventRounds "7"]
[EventCountry "VEN"]
[SourceTitle "EXT 2022"]
[Source "ChessBase"]
[SourceDate "2021.10.06"]
[SourceVersion "1"]
[SourceVersionDate "2021.10.06"]
[SourceQuality "1"]

1. e4 e6 2. d4 d5 3. Nd2 c5 4. c3 Nc6 5. Ne2 Nf6 6. e5 Nd7 7. Nf3 Be7 8. Ng3 0-0 9. Bd3 f6 10. exf6 Nxf6 11. 0-0 Qb6 12. Re1 cxd4 13. cxd4 Bb4 14. Re2 Bd7 15. a3 Bd6 16. Be3 Rac8 17. Ne5 Qc7 18. Rc1 Qd8 19. Nxc6 Bxc6 20. Bg5 Bd7 21. Rxc8 Qxc8 22. Rc2 Qe8 23. Re2 Qf7 24. Qc2 g6 25. Re3 Rc8 26. Qd2 Bf8 27. Rf3 Bg7 28. Qf4 Rf8 29. Qh4 Ba4 30. Be2 Bc6 31. b3 a6 32. Bd3 Bd7 33. Nf1 h5 34. Nd2 Kh7 35. Rf4 Kg8 36. Nf3 Be8 37. Ne5 Qc7 38. h3 Qc1+ 39. Kh2 Ng4+ 40. Rxg4 Bxe5+ 41. dxe5 Qc3 42. Rd4 Qc7 43. Bf6 Qc3 44. Be2 Kh7 45. Rf4 Qxb3 46. Qg5 Rg8 47. Be7 Qc2 48. Bf3 Qxf2 49. Rf8 Rxf8 50. Bxf8 Qd4 51. Qh6+ Kg8 52. Qg7# 1-0

[Event "Central America Carribean-ch U20 Girls"]
[Site "Porlamar"]
[Date "2015.08.24"]
[Round "5"]
[White "Ubertin Gomez, Katherin Rossmary"]
[Black "Yepez Moreno, Catherine Celeste"]
[Result "1-0"]
[WhiteElo "1397"]
[BlackElo "1499"]
[PlyCount "149"]
[EventDate "2015.08.22"]
[EventType "swiss"]
[EventRounds "9"]
[EventCountry "VEN"]
[SourceTitle "EXT 2018"]
[Source "ChessBase"]
[SourceDate "2017.10.13"]
[SourceVersion "1"]
[SourceVersionDate "2017.10.13"]
[SourceQuality "1"]

1. e4 e5 2. Bc4 Bc5 3. d3 Nf6 4. Nf3 d6 5. h3 h6 6. Nc3 Be6 7. Bb3 Nc6 8. Be3 Nd4 9. Na4 Nxb3 10. axb3 Bxe3 11. fxe3 0-0 12. Nc3 Qd7 13. 0-0 Rad8 14. Rxa7 Qc6 15. Qe2 Qb6 16. Rfa1 Nd7 17. Kh1 Nc5 18. R7a3 f5 19. exf5 Bxf5 20. Nd5 Qb5 21. e4 Bg6 22. Nxc7 Qd7 23. Nd5 Bh5 24. Rf1 Ne6 25. Nb6 Qc6 26. Nc4 Nd4 27. Qd1 Nxf3 28. gxf3 Qd7 29. Kg2 Qe6 30. Ne3 Rf7 31. Ra1 Rdf8 32. Ng4 Qg6 33. Qe2 Bxg4 34. fxg4 Rf4 35. Rxf4 Rxf4 36. Rf1 Qg5 37. Rxf4 Qxf4 38. c3 Kf7 39. Qf2 Qf6 40. Qxf6+ gxf6 41. Kf3 Kg6 42. h4 b6 43. c4 Kf7 44. Ke3 Ke7 45. b4 Kd7 46. d4 Kc7 47. dxe5 dxe5 48. Kd3 Kd6 49. Kc3 Kc6 50. Kb3 Kd6 51. Ka3 Kc6 52. Ka4 Kd6 53. Kb5 Kc7 54. c5 bxc5 55. bxc5 Kb7 56. c6+ Kc7 57. b3 Kc8 58. Kb6 Kb8 59. c7+ Kc8 60. b4 Kd7 61. Kb7 Kd6 62. c8Q Ke7 63. Qc7+ Ke6 64. Kc6 f5 65. Qd6+ Kf7 66. gxf5 h5 67. Qe6+ Kg7 68. Kd6 Kh7 69. Ke7 Kg7 70. Qf6+ Kh7 71. b5 Kg8 72. b6 Kh7 73. b7 Kg8 74. b8R+ Kh7 75. Rh8# 1-0